[Event "Warsaw Najdorf Memorial op-A"]
[Site "Warsaw"]
[Date "2024.07.10"]
[Round "2"]
[White "Mickiewicz, Piotr"]
[Black "Zysko, Jan"]
[Result "1-0"]
[WhiteElo "2257"]
[BlackElo "2089"]
[PlyCount "63"]
[EventDate "2024.07.09"]
[EventType "swiss"]
[EventRounds "9"]
[EventCountry "POL"]
[SourceTitle "EXT 2025"]
[Source "ChessBase"]
[SourceDate "2024.10.14"]
[SourceVersion "1"]
[SourceVersionDate "2024.10.14"]
[SourceQuality "1"]

1. Nf3 Nf6 2. c4 g6 3. Nc3 Bg7 4. e4 d6 5. d4 0-0 6. h3 e5 7. d5 a5 8. Be3 Na6 9. g4 Nd7 10. Rg1 Ndc5 11. h4 Kh8 12. h5 gxh5 13. g5 Bg4 14. Be2 f6 15. Nh4 fxg5 16. Bxg4 gxh4 17. Bf5 Qe7 18. Qxh5 Bf6 19. 0-0-0 Rg8 20. Ne2 a4 21. Kb1 Rab8 22. Nc3 b6 23. a3 Ra8 24. Kc2 Rab8 25. Nb5 Ra8 26. Na7 Rxa7 27. Rxg8+ Kxg8 28. Rg1+ Kh8 29. Bxh7 Bg7 30. Bf5+ Kg8 31. Qh7+ Kf8 32. Bh6 1-0

[Event "Warsaw Maciei Memorial Blitz"]
[Site "Warsaw"]
[Date "2024.07.08"]
[Round "5"]
[White "Klim, Filip"]
[Black "Mickiewicz, Piotr"]
[Result "0-1"]
[WhiteElo "2000"]
[BlackElo "2257"]
[PlyCount "130"]
[EventDate "2024.07.08"]
[EventType "swiss (blitz)"]
[EventRounds "11"]
[EventCountry "POL"]
[SourceTitle "CBM 221 Extra"]
[Source "ChessBase"]
[SourceDate "2024.09.30"]
[SourceVersion "1"]
[SourceVersionDate "2024.09.30"]
[SourceQuality "1"]

1. e4 c5 2. Nf3 e6 3. d4 cxd4 4. Nxd4 Nf6 5. Nc3 d6 6. Be3 a6 7. f3 b5 8. g4 Nfd7 9. Qd2 Nb6 10. a3 N8d7 11. 0-0-0 Bb7 12. Kb1 Rc8 13. h4 Ne5 14. g5 Nbc4 15. Qe1 Nxe3 16. Qxe3 Nc4 17. Bxc4 Rxc4 18. h5 Be7 19. g6 Bf6 20. f4 Qc7 21. gxf7+ Kxf7 22. Rhf1 Bxd4 23. Rxd4 Qc5 24. Rd3 Qxe3 25. Rxe3 Rhc8 26. e5 d5 27. Re2 d4 28. Ne4 Bxe4 29. Rxe4 Rxc2 30. Rxd4 Rg2 31. Rd7+ Kg8 32. Rfd1 h6 33. Rd8+ Rxd8 34. Rxd8+ Kf7 35. Rd7+ Ke8 36. Ra7 Rh2 37. Rxa6 Kf7 38. Ra7+ Kf8 39. Ra8+ Kf7 40. Ra7+ Kf8 41. Rb7 Rxh5 42. Rxb5 Rf5 43. a4 Rxf4 44. a5 h5 45. a6 Ra4 46. Rb6 h4 47. b3 Ra5 48. b4 Ra4 49. Rb8+ Kf7 50. Rb7+ Kg6 51. Rb6 h3 52. Rxe6+ Kg5 53. Rd6 h2 54. Rd1 Rxb4+ 55. Kc2 Ra4 56. Kd3 Rxa6 57. Ke4 Kg4 58. Kd5 g5 59. e6 Ra8 60. Ke4 Kg3 61. Kf5 g4 62. Rd3+ Kh4 63. Rd1 g3 64. Rd7 g2 65. Rh7+ Kg3 0-1

[Event "Warsaw Maciei Memorial Blitz"]
[Site "Warsaw"]
[Date "2024.07.08"]
[Round "1"]
[White "Koralczyk, Aleksander"]
[Black "Mickiewicz, Piotr"]
[Result "0-1"]
[WhiteElo "1642"]
[BlackElo "2257"]
[PlyCount "112"]
[EventDate "2024.07.08"]
[EventType "swiss (blitz)"]
[EventRounds "11"]
[EventCountry "POL"]
[SourceTitle "CBM 221 Extra"]
[Source "ChessBase"]
[SourceDate "2024.09.30"]
[SourceVersion "1"]
[SourceVersionDate "2024.09.30"]
[SourceQuality "1"]

1. e4 Nc6 2. d4 d5 3. exd5 Qxd5 4. Nf3 e5 5. Nc3 Bb4 6. Bd2 Bxc3 7. Bxc3 e4 8. Nd2 Nf6 9. Bc4 Qg5 10. Qe2 Qxg2 11. 0-0-0 Bg4 12. Qf1 Qxf1 13. Rdxf1 0-0-0 14. Nb3 Nd5 15. Bd2 g6 16. c3 a6 17. Nc5 Bf3 18. Rhg1 Na5 19. Bxd5 Rxd5 20. Bg5 Nc6 21. Bf6 Re8 22. Rg3 a5 23. Re1 Rf5 24. Bg5 b6 25. Nb3 f6 26. Be3 Bh5 27. Nd2 Rd5 28. c4 Rd7 29. Nb3 Nb4 30. Kd2 Nxa2 31. c5 Nb4 32. cxb6 cxb6 33. Rc1+ Kb7 34. Rc3 Nd5 35. Rc4 Rc8 36. Rxc8 Kxc8 37. Rg1 Kb7 38. Rc1 Rc7 39. Rxc7+ Kxc7 40. Nc1 b5 41. Nb3 a4 42. Nc5 Bf3 43. Ne6+ Kd6 44. Nc5 g5 45. Nb7+ Ke7 46. Nc5 h5 47. Nb7 h4 48. Nc5 Kf7 49. Nb7 b4 50. Nc5 a3 51. bxa3 bxa3 52. Kc2 Nxe3+ 53. fxe3 g4 54. Nb3 g3 55. hxg3 hxg3 56. Kd2 g2 0-1

[Event "Warsaw Maciei Memorial Blitz"]
[Site "Warsaw"]
[Date "2024.07.08"]
[Round "10"]
[White "Mickiewicz, Piotr"]
[Black "Patil, Harshal"]
[Result "1-0"]
[WhiteElo "2257"]
[BlackElo "2083"]
[PlyCount "50"]
[EventDate "2024.07.08"]
[EventType "swiss (blitz)"]
[EventRounds "11"]
[EventCountry "POL"]
[SourceTitle "CBM 221 Extra"]
[Source "ChessBase"]
[SourceDate "2024.09.30"]
[SourceVersion "1"]
[SourceVersionDate "2024.09.30"]
[SourceQuality "1"]

1. e4 c5 2. Nf3 d6 3. d4 cxd4 4. Qxd4 Nc6 5. Bb5 Bd7 6. Qd3 Nf6 7. Bg5 e6 8. Nc3 h6 9. Bh4 Be7 10. 0-0-0 a6 11. Bxc6 Bxc6 12. Nd4 Rc8 13. f4 Qc7 14. f5 Bd7 15. fxe6 fxe6 16. e5 dxe5 17. Qg6+ Kf8 18. Rhf1 exd4 19. Bxf6 gxf6 20. Rxf6+ Bxf6 21. Qxf6+ Kg8 22. Qg6+ Kf8 23. Qf6+ Kg8 24. Rxd4 h5 25. Qg5+ Kf8 1-0

[Event "Warsaw Maciei Memorial Blitz"]
[Site "Warsaw"]
[Date "2024.07.08"]
[Round "7"]
[White "Mickiewicz, Piotr"]
[Black "Staroszczyk, Mateusz"]
[Result "1-0"]
[WhiteElo "2257"]
[BlackElo "1947"]
[PlyCount "63"]
[EventDate "2024.07.08"]
[EventType "swiss (blitz)"]
[EventRounds "11"]
[EventCountry "POL"]
[SourceTitle "CBM 221 Extra"]
[Source "ChessBase"]
[SourceDate "2024.09.30"]
[SourceVersion "1"]
[SourceVersionDate "2024.09.30"]
[SourceQuality "1"]

1. e4 c5 2. Nf3 e6 3. d4 cxd4 4. Nxd4 a6 5. Bd3 Bc5 6. Nb3 Ba7 7. Qe2 d6 8. Be3 Ne7 9. N1d2 Nbc6 10. f4 0-0 11. c3 b5 12. 0-0 Bb7 13. Bxa7 Rxa7 14. Qe3 Ba8 15. a4 Rb7 16. axb5 axb5 17. Ra6 Rb8 18. Rfa1 Bb7 19. R6a2 b4 20. c4 f5 21. exf5 exf5 22. Nf3 Rf6 23. Re1 Rg6 24. g3 Qc7 25. Nbd4 Nxd4 26. Nxd4 Nc6 27. Nxf5 Rf8 28. Be4 Nd8 29. Bxb7 Rxf5 30. Qe8+ Rf8 31. Bd5+ Nf7 32. Ra8 1-0

[Event "Rhodes Summer Cup"]
[Site "Rhodes"]
[Date "2024.06.29"]
[Round "8"]
[White "Fang, Tianyang"]
[Black "Mickiewicz, Piotr"]
[Result "0-1"]
[WhiteElo "1614"]
[BlackElo "2257"]
[PlyCount "52"]
[EventDate "2024.06.22"]
[EventType "swiss"]
[EventRounds "9"]
[EventCountry "GRE"]
[SourceTitle "CBM 220 Extra"]
[Source "ChessBase"]
[SourceDate "2024.07.31"]
[SourceVersion "1"]
[SourceVersionDate "2024.07.31"]
[SourceQuality "1"]

1. e4 c5 2. Nf3 e6 3. g3 Nc6 4. Bg2 Nf6 5. Qe2 d5 6. exd5 Nxd5 7. 0-0 Be7 8. Rd1 Bf6 9. a4 0-0 10. Na3 b6 11. Nc4 Bb7 12. d3 Qc7 13. Re1 Rad8 14. c3 Rfe8 15. Nfd2 e5 16. h4 Be7 17. Ne4 f6 18. Be3 Bf8 19. h5 f5 20. Ng5 Nf6 21. Qc2 h6 22. Nf3 Qf7 23. a5 e4 24. Nh4 Rxd3 25. Qb3 Ne5 26. Nd2 Bd5 0-1

[Event "Titled Tuesday intern op 21st May Late"]
[Site "Chess.com INT"]
[Date "2024.05.21"]
[Round "5"]
[White "Rose, Felix"]
[Black "Mickiewicz, Piotr"]
[Result "0-1"]
[WhiteElo "2091"]
[BlackElo "2268"]
[PlyCount "90"]
[EventDate "2024.05.21"]
[EventType "swiss (blitz)"]
[EventRounds "11"]
[EventCountry "USA"]
[SourceTitle "CBM 220 Extra"]
[Source "ChessBase"]
[SourceDate "2024.07.31"]
[SourceVersion "1"]
[SourceVersionDate "2024.07.31"]
[SourceQuality "1"]

1. e4 c6 2. d4 d5 3. e5 Bf5 4. h4 h5 5. Bd3 Bxd3 6. Qxd3 e6 7. Bg5 Qa5+ 8. Nd2 Qb5 9. c4 dxc4 10. Nxc4 Nd7 11. a4 Qa6 12. Ne2 Nb6 13. b3 Nd5 14. 0-0 Nh6 15. Bxh6 Rxh6 16. Ng3 Be7 17. Ne4 Kf8 18. g3 Kg8 19. Qf3 Rf8 20. Ne3 Qd3 21. Rab1 Qxd4 22. Nc4 f5 23. Ng5 f4 24. Rbd1 Qc5 25. g4 hxg4 26. Qxg4 Bxg5 27. hxg5 Rg6 28. Nd6 Ne7 29. Nxb7 Qxe5 30. Rfe1 Rxg5 31. Rxe5 Rxg4+ 32. Kf1 Rg6 33. Rd7 Nd5 34. Nd6 f3 35. Rxa7 Rh6 36. Ke1 Nb4 37. Rg5 Rh7 38. a5 Rd8 39. Rb7 Nc2+ 40. Kd2 Nd4 41. Ne4 Nxb3+ 42. Kc3 Nxa5 43. Ra7 Nb3 44. Kxb3 Rb8+ 45. Kc3 Rb5 0-1